| 000 | 00880nam a2200241 a 4500 | ||
|---|---|---|---|
| 001 | 000007572 | ||
| 005 | 20200929154222.0 | ||
| 008 | 090909s200u dr a 000 0 spa d | ||
| 040 |
_aDO-SdBNP _bspa _cBNPHU |
||
| 082 |
_a616.075 _bA162h |
||
| 100 | 1 |
_aAbreu Reyes, Emmanuel _921017 |
|
| 245 | 1 | 0 |
_aHistorial clínico y semiología quirúrgica / _cEmmanuel Abreu Reyes ; prólogo Sócrates Montas Castillo. |
| 260 |
_a[Santo Domingo. : _b[s.n., _c200? ]. |
||
| 300 |
_a281 p. : _bil. ; _c22 cm. |
||
| 500 | _aIncluye datos biográficos del autor en la contracubierta | ||
| 500 | _aBibliografía : p. 269-272 | ||
| 590 | _aInventariado, 2018/LP | ||
| 650 | 4 |
_aSemiología (médica) _921018 |
|
| 650 | 4 |
_aPronóstico médico _921019 |
|
| 650 | 4 |
_aHistorias clínicas _915829 |
|
| 700 | 1 | 2 |
_aMontas Castillo, Sócrates, _epról. _921020 |
| 910 | _aValidado. Control de calidad BNPHU | ||
| 999 |
_c7353 _d7353 |
||